00700nam a2200169 a 450000100100000000500170001000800410002704000250006810000260009324501650011926000450028430000200032970000500034904900090039995201050040899900170051300003426220200930070920.0110929s2004 xxu 000 0 spa d aDO-SdBNPbspacBNPHU1 aReyes, Porfirio9144410aEnseñando a Jesucristo todos los días casa por casa :bcurso elemental de discipulado en hogares /cPorfirio Reyes ; prólogo José Luis Ponce González. aNew York :bOperación Samaria,c21 cm. a86 p. ;c22 cm.1 aPonce González, José Luisepról.959682 aBNPD 001050718MOaGRbGRcCTd2011-09-29iLF1l0o p34262-10r2020-06-25w2020-06-25y1ZNo se presta c33753d33753